000 00626cam a22002293a 4500
001 10384
003 PGUSA
005 20140828083223.0
008 031201s2003||||xxu|||||s|||||000 1 eng d
040 _aPGUSA
_beng
042 _adc
050 4 _aPT
100 1 _aConscience, Hendrik,
_d1812-1883
245 1 0 _aLe Pays de l'or
_h[electronic resource] /
_cHendrik Conscience
260 _bProject Gutenberg,
_c2003
506 _aPublic domain in the USA.
516 _aElectronic text
653 _aFlemish fiction
830 0 _aProject Gutenberg
_v10384
856 4 0 _uhttp://www.gutenberg.org/ebooks/10384
942 _cEB
999 _c239639
_d239639